مكتبة جامعة عجلون الوطنية

فهرس بحث المكتبة

Normal view MARC view
  • المجمع الملكي لبحوث الحضارة الاسلامية (ماب)

Entry Personal Name

Number of records used in: 1

001 - CONTROL NUMBER

  • control field: 45248

003 - CONTROL NUMBER IDENTIFIER

  • control field: JO-AjAnu

005 - DATE AND TIME OF LATEST TRANSACTION

  • control field: 20230606081503.0

008 - FIXED-LENGTH DATA ELEMENTS

  • fixed length control field: 230606|| aca||aabn | a|a d

040 ## - CATALOGING SOURCE

  • Original cataloging agency: JO-AjAnu
  • Transcribing agency: JO-AjAnu

100 ## - HEADING--PERSONAL NAME

  • Personal name: المجمع الملكي لبحوث الحضارة الاسلامية (ماب)

670 ## - SOURCE DATA FOUND

  • Source citation: Work cat.: (JO-AjAnu)23167: المجمع الملكي لبحوث الحضارة الاسلامية (ماب), author, الحضارة الاسلامية: بحوث ودراسات في الشورى، التربية، الادارة المالية، الجزء الخامس